| 000 | 00000nas 2200000za 4500 |
| 001 | 9.860010 |
| 003 | CaOODSP |
| 005 | 20221107160403 |
| 007 | cr ||||||||||| |
| 008 | 180801d20182020qucar p o||||f0 a0eng|d |
| 022 | |a2561-9314 |
| 040 | |aCaOODSP|beng |
| 043 | |an-cn--- |
| 086 | 1 |aEm1-14E-PDF |
| 110 | 1 |aCanada. |bEmployment and Social Development Canada. |
| 222 | 0|aAnnual report on the administration of the Access to Information Act and the Privacy Act |b(Canada. Employment and Social Development Canada) |
| 245 | 10|aAnnual report on the administration of the Access to Information Act and the Privacy Act |h[electronic resource]. |
| 260 | |a[Gatineau, Que.] : |bEmployment and Social Development Canada |
| 310 | |aAnnual |
| 362 | 1 |aBegan with 2017/2018; ceased with 2019/2020. |
| 500 | |aIssued also in French under title: Rapport annuel sur l'application de la Loi sur l'accès à l’information et de la Loi sur la protection des renseignements personnels. |
| 500 | |aMerger of Annual report on the administration of the Access to Information Act (Em1-5/1E-PDF) and Annual report on the administration of the Privacy Act (Em1-5/2E-PDF). |
| 692 | 07|2gccst|aAccess to information |
| 692 | 07|2gccst|aPrivacy |
| 775 | 08|tRapport annuel sur l’application de la Loi sur l’accès à l’information et de la Loi sur la protection des renseignements personnels |w(CaOODSP)9.860011 |
| 780 | 00|tAnnual report on the administration of the Privacy Act |w(CaOODSP)9.512583 |
| 780 | 00|tAnnual report on the administration of the Access to Information Act ... |w(CaOODSP)9.814462 |
| 785 | 00|tAnnual report on the administration of the Privacy Act.|w(CaOODSP)9.903677 |
| 785 | 00|tAnnual report on the administration of the Access to Information Act.|w(CaOODSP)9.903691 |